000 00361pam a2200145a 44500
008 230405s2004 xxu||||| |||| 00| 0 eng d
041 _aENG
100 _aHerbert Taub
245 _aOrganic Chemistry
260 _anew delhi
_bTata McGraw Hill Publishing Co.
_c2004
300 _a469
700 _aEdminister Joseph A
700 _aMeislich
906 _a11421
999 _c301920
_d301920